000 00712nam a2200229Ii 4500
003 JO-AjNU
008 230605s9999||||xx |||||||||||||| ||und||
017 _a2009/9/4123
020 _a9957-16-572-7
040 _aJO-AjNU
_bara
_erda
_cJO-AjNU
041 _aara
050 1 4 _aJX1245.F3782.2010
100 3 _a الفتلاوي ، سهيل حسين ,
_eauthor
_925864
245 0 0 _aالقانون الدولي العام في السلم
250 _aط1
264 3 1 _aعمان : دار الثقافة ، 2010
300 _a688ص
336 _atext
_btxt
_2rdacontent
337 _aunmediated
_bn
_2rdamedia
338 _avolume
_bnc
_2rdacarrier
650 4 _aالقانون الدولي العام
_925865
999 _aA9729
_c13297
_d13297